000 00672nam a2200193 4500
999 _c169273
_d169273
005 20191113130456.0
010 _aENG-126881
020 _a9788178245416
_c795.00
035 _aEN-110413
037 _bDBAD/PUB
082 _a840
100 _aDubrow, Jennifer
245 _aCosmopolitan dreams :
_bthe making of modern urdu literary culture in colonial South Asia /
_cby Jennifer Dubrow
260 _aLucknow
_bPermanent Black
_c2018
270 _aHimalyana, Mall Road, Ranikhet Cantt
_bRanikhet
_e263645
_mperblack@gmail.com
300 _axv;175p.
_c22cm(Hb)
500 _aIncludes bibliographical references and index
942 _2ddc
_cEN
_h840
_mDUB